Principles of industrial electronics / (Record no. 190832)
[ view plain ]
| 000 -LEADER | |
|---|---|
| fixed length control field | 00742 a2200169 4500 |
| 003 - CONTROL NUMBER IDENTIFIER | |
| control field | Nust |
| 005 - DATE AND TIME OF LATEST TRANSACTION | |
| control field | 20230116130440.0 |
| 040 ## - CATALOGING SOURCE | |
| Transcribing agency | Nust |
| 082 ## - DEWEY DECIMAL CLASSIFICATION NUMBER | |
| Classification number | 670.42,ZEI |
| 100 ## - MAIN ENTRY--PERSONAL NAME | |
| Personal name | Zeines, Ben |
| 9 (RLIN) | 103413 |
| 245 ## - TITLE STATEMENT | |
| Title | Principles of industrial electronics / |
| Statement of responsibility, etc. | Ben Zeines, |
| 260 ## - PUBLICATION, DISTRIBUTION, ETC. | |
| Place of publication, distribution, etc. | McGraw-Hill Book Company |
| Name of publisher, distributor, etc. | Toronto |
| Date of publication, distribution, etc. | 1966 |
| 300 ## - PHYSICAL DESCRIPTION | |
| Extent | 378 p |
| 505 ## - FORMATTED CONTENTS NOTE | |
| Formatted contents note | Process Controls (Page-1), Gaseous Tubes (Page-9), Semiconductor Devices (Page-40), Industrial Electronic Amplifiers (Page-70), Photoelectric Devices (Page-108), Radio-Frequency Heating (Page-149), Electronic Motor Control (Page-195), Servomechanisms (Page-237), Analog Computers (Page-277), Digital Computer Circuits (Page-298). |
| 650 ## - SUBJECT ADDED ENTRY--TOPICAL TERM | |
| Topical term or geographic name entry element | Industrial Electronics |
| 942 ## - ADDED ENTRY ELEMENTS (KOHA) | |
| Source of classification or shelving scheme | |
| Koha item type | Book |
| Withdrawn status | Lost status | Source of classification or shelving scheme | Damaged status | Not for loan | Permanent Location | Current Location | Shelving location | Date acquired | Full call number | Barcode | Date last seen | Price effective from | Koha item type | Public note |
|---|---|---|---|---|---|---|---|---|---|---|---|---|---|---|
| Military College of Signals (MCS) | Military College of Signals (MCS) | General Stacks | 12/12/2016 | 670.42,ZEI | MCS5540 | 12/08/2016 | 12/12/2016 | Book | Amirah No.42, Shelf No.6 |
